书目信息 |
| 题名: |
社会组织能力建设理论与实践
|
|
| 作者: | 李长文 著 | |
| 分册: | ||
| 出版信息: | 北京 中国社会出版社 2020.07 |
|
| 页数: | 168页 | |
| 开本: | 24cm | |
| 丛书名: | ||
| 单 册: | ||
| 中图分类: | C916.1 | |
| 科图分类: | ||
| 主题词: | 社会组织管理--she hui zu zhi guan li--研究--中国 | |
| 电子资源: | ||
| ISBN: | 978-7-5087-6368-2 | |
| 000 | 01008nam0 2200265 450 | |
| 001 | CAL 0120203081307 | |
| 005 | 20230217093111.0 | |
| 010 | @a978-7-5087-6368-2@dCNY48.00 | |
| 100 | @a20201013d2020 em y0chiy0120 ea | |
| 101 | 0 | @achi |
| 102 | @aCN@b110000 | |
| 105 | @aa a 000yy | |
| 106 | @ar | |
| 200 | 1 | @a社会组织能力建设理论与实践@Ashe hui zu zhi neng li jian she li lun yu shi jian@f李长文著 |
| 210 | @a北京@c中国社会出版社@d2020.07 | |
| 215 | @a168页@c图@d24cm | |
| 300 | @a本研究为北京市社会科学基金项目成果 | |
| 314 | @a李长文, 民政部培训中心副教授等职。 | |
| 320 | @a有书目 (第150-159页) | |
| 330 | @a本书力求以政府相关部门、高校等教育机构及支持型社会组织为线索, 通过文献研究、实地调研、比较分析等, 系统梳理和把握近二十余年间我国社会组织能力建设的发展脉络、现状、特点、成绩及不足。 | |
| 606 | 0 | @a社会组织管理@Ashe hui zu zhi guan li@x研究@y中国 |
| 690 | @aC916.1@v5 | |
| 701 | 0 | @a李长文@Ali chang wen@4著 |
| 801 | 0 | @aCN@bBJXHZP@c20230228 |
| 905 | @b1397380-3@dC916.1@e1838@f4 | |
| 社会组织能力建设理论与实践/李长文著.-北京:中国社会出版社,2020.07 |
| 168页:图;24cm |
| 本研究为北京市社会科学基金项目成果 |
| ISBN 978-7-5087-6368-2:CNY48.00 |
| 本书力求以政府相关部门、高校等教育机构及支持型社会组织为线索, 通过文献研究、实地调研、比较分析等, 系统梳理和把握近二十余年间我国社会组织能力建设的发展脉络、现状、特点、成绩及不足。 |
| ● |
| 相关链接 |
|
|
|
|
正题名:社会组织能力建设理论与实践
索取号:C916.1/1838
 
预约/预借
| 序号 | 登录号 | 条形码 | 馆藏地/架位号 | 状态 | 备注 |
| 1 | 1397380 | 213973805 | 第一样本阅览室/ [索取号:C916.1/1838] | 在馆 | |
| 2 | 1397381 | 213973814 | 第一借阅区/ [索取号:C916.1/1838] | 在馆 | |
| 3 | 1397382 | 213973823 | 第一借阅区/ [索取号:C916.1/1838] | 在馆 | |
| 4 | 1397383 | 213973832 | 第一借阅区/ [索取号:C916.1/1838] | 在馆 |